00481 2200181 4500001002100000005001500021035002000036007000300056008004100059020002200100082001000122084001600132100002200148245004100170260004600211300003300257990000900290INLIS00000000001117420220328103938 a0010-0322000353ta220328 f 0 ind  a978-979-026-051-1 a297.3 a297.3 LUK j0 aLukman Santoso Az1 aJagalah Lisanmu /cLukman Santoso Az aYogyakarta :bPustaka Insan Madani,c2008 axiv, 178 hlm ;c11 x 17,5 cm a2485